000 00557nam a2200205 a 4500
999 _c11465
_d11465
003 PK-NaQUE
005 20260414120853.0
008 260414b ||||| |||| 00| 0 eng d
020 _a013089480X (paperback)
020 _a9780130894809 (paperback)
040 _cQUEST
100 1 _aRao, Singiresu S.
245 1 0 _aApplied Numerical Methods for Engineers and Scientists /
250 _a3rd ed.
260 _a[S.l.] :
_bPearson,
_c2009.
300 _a880 p. ;
650 _aApplied Numerical Methods
856 4 0 _yDownload eBook
942 _cBK
_2ddc